Atlas nacional de México : Muestra de la riqueza y usos de la flora /

Atlas de México organizado en tres volúmenes que integran siete temas: mapas generales, historia, sociedad, naturaleza, medio ambiente, economía y México en el Mundo. La carta presente incluye cuatro mapas, sobre las zonas de plantas silvestres, algas, plantas medicinales y plantas comestibles de us...

Descripción completa

Guardado en:
Detalles Bibliográficos
Otros autores: F. Pedroche, Francisco (autor) (autor), Ortiz Pérez, Mario Arturo (coordinación del volumen) (coordinación del volumen), Vidal Zepeda, Rosalía (coordinación del volumen) (coordinación del volumen), García de Fuentes, Ana (coordinación general) (coordinación general)
Formato: Mapa
Publicado: México : UNAM, 1990, c1990
Colección:(Naturaleza. Biogeografía ; 8.4)
Temas:
Etiquetas: Agrega una etiqueta
Sin etiquetas, Sé el primero en etiquetar este registro!

MARC

LEADER 00000nem^a2200000^a^4500
001 000123824
005 20250521000000.0
009 20260310094552.692
020 |a 968-36-1588-0 
020 |a 968-36-1586-4 
037 |a Acervo ITESO - Biblioteca 
041 |a GRA 
082 |a 912. 72  |b UNAM 1990 V. 4 T. 8.4 
240 1 1 |a [Atlas nacional de México] 
245 0 0 |a Atlas nacional de México :  |b Muestra de la riqueza y usos de la flora /  |c F.F. Pedroche... [et al.] ; coord. del volumen de M.A. Ortiz Pérez, R. Vidal Zepeda ; coord. general de A. García de Fuentes. 
255 |c (O118º38'-O86º43'/N32º43'-N14º32') 
255 |a Escala 1 : 8 000 000 
264 4 |a México :  |b UNAM,  |c 1990, c1990 
300 |a 1 mapa 
336 |a imagen cartográfica estática  |b cri  |2 rdacontenido 
337 |a sin mediación  |b n  |2 rdamedio 
338 |a mapa  |b nz  |2 rdasoporte 
440 1 |a (Naturaleza.  |p Biogeografía ;  |v 8.4) 
520 |a Atlas de México organizado en tres volúmenes que integran siete temas: mapas generales, historia, sociedad, naturaleza, medio ambiente, economía y México en el Mundo. La carta presente incluye cuatro mapas, sobre las zonas de plantas silvestres, algas, plantas medicinales y plantas comestibles de uso tradicional y con potencialidad económica. 
546 |a Edición gráfica con texto en español 
649 |a XX 
650 |a Atlas -  |z México 
650 |a México -  |x Mapas 
650 |a Algas -  |z México -  |x Mapas 
650 |a Palmas -  |z México -  |x Mapas 
650 |a Plantas Comestibles -  |z México -  |x Mapas 
650 |a Plantas Medicinales -  |z México -  |x Mapas 
650 |a Vegetación y Clima -  |z México -  |x Mapas 
650 |a Botánica -  |z México -  |x Mapas 
650 |a Fitogeografía -  |z México -  |x Mapas 
650 |a Biogeografía -  |z México -  |x Mapas 
650 |a Cartografía -  |z México 
650 |a Geografía -  |z México 
700 |a F. Pedroche, Francisco  |e (autor) 
700 |a Ortiz Pérez, Mario Arturo  |e (coordinación del volumen) 
700 |a Vidal Zepeda, Rosalía  |e (coordinación del volumen) 
700 |a García de Fuentes, Ana  |e (coordinación general) 
910 |a Fondo General 
920 |a Gráficos - Mapas 
905 |a 503 
901 |a 0500057577  |b IT2  |c MAP  |u 20250521 
902 |a https://opac.biblio.iteso.mx/vufind/Record/000123824